[Event "Espalion op 2nd"]
[Site "Espalion"]
[Date "2017.07.22"]
[Round "9"]
[White "Lagunes, Jean Renaud"]
[Black "Israel, Gregory"]
[Result "0-1"]
[WhiteElo "1951"]
[BlackElo "2043"]
[PlyCount "64"]
[EventDate "2017.07.15"]
[EventType "swiss"]
[EventRounds "9"]
[EventCountry "FRA"]
[SourceTitle "CBM 179 Extra"]
[Source "ChessBase"]
[SourceDate "2017.08.23"]
[SourceVersion "1"]
[SourceVersionDate "2017.08.23"]
[SourceQuality "1"]

1. e4 e6 2. d4 d5 3. Nc3 Nf6 4. Bg5 Be7 5. e5 Nfd7 6. h4 a6 7. Qg4 h5 8. Bxe7 hxg4 9. Bxd8 Kxd8 10. Be2 c5 11. 0-0-0 cxd4 12. Rxd4 Nxe5 13. h5 Nbc6 14. Rd2 b5 15. Ne4 Ke7 16. Ng3 f5 17. f4 Nd7 18. Bd1 Nf6 19. c3 Bd7 20. Bc2 Rh6 21. N1e2 Rah8 22. a4 Nxh5 23. Nxh5 Rxh5 24. Rxh5 Rxh5 25. Ng3 Rh2 26. Bd3 Na5 27. Re2 Kf6 28. b4 Nc4 29. Bxc4 dxc4 30. Kb2 Bc6 31. Nf1 Rxg2 32. Rxg2 Bxg2 0-1

[Event "Espalion op 2nd"]
[Site "Espalion"]
[Date "2017.07.20"]
[Round "7"]
[White "Muratet Casadevall, Albert"]
[Black "Israel, Gregory"]
[Result "1-0"]
[WhiteElo "2201"]
[BlackElo "2043"]
[PlyCount "115"]
[EventDate "2017.07.15"]
[EventType "swiss"]
[EventRounds "9"]
[EventCountry "FRA"]
[SourceTitle "CBM 179 Extra"]
[Source "ChessBase"]
[SourceDate "2017.08.23"]
[SourceVersion "1"]
[SourceVersionDate "2017.08.23"]
[SourceQuality "1"]

1. e4 c5 2. c3 d5 3. exd5 Qxd5 4. d4 Nf6 5. Nf3 Bg4 6. Be2 e6 7. 0-0 Nc6 8. h3 Bh5 9. Be3 cxd4 10. Nxd4 Bxe2 11. Qxe2 Be7 12. Rd1 Nxd4 13. Bxd4 Qc6 14. c4 0-0 15. Nc3 Rfd8 16. b3 Rd7 17. Rd3 Rad8 18. Rad1 b6 19. R1d2 h6 20. g4 Nh7 21. Be5 Rxd3 22. Rxd3 Rxd3 23. Qxd3 Ng5 24. Bf4 Nf3+ 25. Kf1 e5 26. Nd5 Qd6 27. Qxf3 exf4 28. Qxf4 Qa3 29. Qb8+ Kh7 30. Qc7 Bh4 31. Qxf7 Qxa2 32. Qf3 Qa1+ 33. Kg2 Qd4 34. Nf4 Qf6 35. Qd3+ Kg8 36. Qd5+ Kh8 37. Qa8+ Kh7 38. Qe4+ Kg8 39. Qe6+ Qxe6 40. Nxe6 Kf7 41. Nd4 Bf6 42. Nb5 a6 43. Nc7 a5 44. f4 Bd4 45. Kf3 Bg1 46. Ke4 Bh2 47. Na8 Bg1 48. Kd5 h5 49. Kc6 hxg4 50. hxg4 Be3 51. Nxb6 Bxf4 52. Nd5 Bd2 53. Kd7 Be1 54. c5 Bg3 55. c6 Kg6 56. c7 Bxc7 57. Nxc7 Kg5 58. Ne6+ 1-0

[Event "Lille Luce op 7th"]
[Site "Lille"]
[Date "2016.04.12"]
[Round "5"]
[White "Chmielina, Maxence"]
[Black "Israel, Gregory"]
[Result "0-1"]
[WhiteElo "1658"]
[BlackElo "1984"]
[PlyCount "98"]
[EventDate "2016.04.09"]
[EventType "swiss"]
[EventRounds "7"]
[EventCountry "FRA"]
[SourceTitle "CBM 171 Extra"]
[Source "ChessBase"]
[SourceDate "2016.04.26"]
[SourceVersion "1"]
[SourceVersionDate "2016.04.26"]
[SourceQuality "1"]

1. d4 d5 2. c4 dxc4 3. e3 Be6 4. Nc3 c6 5. a4 Na6 6. Nf3 Qa5 7. Bd2 f6 8. Be2 Nh6 9. e4 Qd8 10. d5 cxd5 11. exd5 Bf5 12. Bxc4 Nf7 13. Nd4 Nd6 14. Bb5+ Kf7 15. Nxf5 Nxf5 16. Qg4 g6 17. 0-0 Nc5 18. Be3 Nxe3 19. fxe3 Qc8 20. Qf4 h5 21. Rac1 Qg4 22. Qxg4 hxg4 23. Ne2 Bh6 24. Kh1 Ne4 25. g3 Bxe3 26. Rc7 Nd6 27. Nc3 Bb6 28. Rd7 Bd4 29. Be2 Bxc3 30. bxc3 Rac8 31. c4 Ke8 32. Bxg4 f5 33. Rxd6 exd6 34. Be2 Ke7 35. Bd3 Kf6 36. g4 Rh3 37. Be2 Rch8 38. Rf2 Ke5 39. Bd1 Re3 40. Kg2 f4 41. Re2 g5 42. c5 Rc8 43. cxd6 Kxd6 44. Rf2 b6 45. Be2 Rcc3 46. Bb5 Kxd5 47. Rd2+ Ke4 48. Rd7 Rc2+ 49. Kf1 Kf3 0-1

[Event "Lille Luce op 7th"]
[Site "Lille"]
[Date "2016.04.11"]
[Round "4"]
[White "Israel, Gregory"]
[Black "Phulpin, Theo"]
[Result "1/2-1/2"]
[WhiteElo "1984"]
[BlackElo "1565"]
[PlyCount "112"]
[EventDate "2016.04.09"]
[EventType "swiss"]
[EventRounds "7"]
[EventCountry "FRA"]
[SourceTitle "CBM 171 Extra"]
[Source "ChessBase"]
[SourceDate "2016.04.26"]
[SourceVersion "1"]
[SourceVersionDate "2016.04.26"]
[SourceQuality "1"]

1. d4 f5 2. Nc3 e6 3. g3 d5 4. Bg2 c6 5. Nh3 Nf6 6. Nf4 Bd6 7. 0-0 Qe7 8. f3 e5 9. dxe5 Bxe5 10. e4 d4 11. Nce2 0-0 12. Nd3 Bc7 13. e5 Nd5 14. f4 Ne3 15. Bxe3 dxe3 16. a4 a5 17. c4 Bb6 18. Qb3 Ba7 19. Rad1 Be6 20. Qc3 Na6 21. b3 Nb4 22. Ne1 Rad8 23. Nf3 Rxd1 24. Rxd1 Bc8 25. h4 Bb6 26. Kh2 Rd8 27. Rxd8+ Qxd8 28. Nfd4 Bxd4 29. Qxd4 Qxd4 30. Nxd4 c5 31. Ne2 b6 32. Kg1 Bd7 33. Bd5+ Kf8 34. Kg2 Nc2 35. Kf3 Ke7 36. Nc1 Be8 37. g4 Nd4+ 38. Kxe3 fxg4 39. Be4 Bg6 40. Bxg6 hxg6 41. Ne2 Nf5+ 42. Kf2 Ke6 43. Nc3 Nxh4 44. Kg3 g5 45. Kxg4 gxf4 46. Kxh4 Kxe5 47. Kg4 g5 48. Nd5 Ke4 49. Nxb6 f3 50. Kg3 g4 51. Kf2 Kd3 52. Nd7 Kd4 53. Kg3 Ke3 54. Ne5 Ke2 55. Nxg4 Kd2 56. Ne5 Ke2 1/2-1/2

[Event "Lille Luce op 7th"]
[Site "Lille"]
[Date "2016.04.09"]
[Round "1"]
[White "Sundararajan, Kidambi"]
[Black "Israel, Gregory"]
[Result "1-0"]
[WhiteElo "2474"]
[BlackElo "1984"]
[PlyCount "63"]
[EventDate "2016.04.09"]
[EventType "swiss"]
[EventRounds "7"]
[EventCountry "FRA"]
[SourceTitle "CBM 171 Extra"]
[Source "ChessBase"]
[SourceDate "2016.04.26"]
[SourceVersion "1"]
[SourceVersionDate "2016.04.26"]
[SourceQuality "1"]

1. d4 d5 2. Nf3 Nf6 3. c4 dxc4 4. e3 c5 5. Bxc4 e6 6. 0-0 cxd4 7. exd4 Be7 8. Nc3 0-0 9. Re1 Nbd7 10. Bf4 Nb6 11. Bb3 Nbd5 12. Bg3 b6 13. Rc1 Bb7 14. Ne5 Rc8 15. Qd3 Nxc3 16. bxc3 Ba3 17. Rcd1 Nh5 18. c4 Nxg3 19. hxg3 Bb4 20. Re3 Bd6 21. d5 exd5 22. cxd5 Rc5 23. Nc6 Qf6 24. Nxa7 Bb8 25. Rf3 Qb2 26. Nc6 Bd6 27. Re3 Rc1 28. Rde1 Rxe1+ 29. Rxe1 Qf6 30. Qd4 Qh6 31. Ne7+ Kh8 32. Nf5 1-0

[Event "BEL-chT 1415"]
[Site "Belgium"]
[Date "2014.11.30"]
[Round "5.6"]
[White "Israel, Gregory"]
[Black "Gulbas, Cemil"]
[Result "0-1"]
[WhiteElo "2054"]
[BlackElo "2365"]
[PlyCount "36"]
[EventDate "2014.09.28"]
[EventType "team-swiss"]
[EventRounds "11"]
[EventCountry "BEL"]
[SourceTitle "EXT 2016"]
[Source "ChessBase"]
[SourceDate "2015.10.08"]
[SourceVersion "1"]
[SourceVersionDate "2015.10.08"]
[SourceQuality "1"]
[WhiteTeam "Charleroi CREC"]
[BlackTeam "Wirtzfeld"]
[WhiteTeamCountry "BEL"]
[BlackTeamCountry "BEL"]

1. d4 d5 2. c4 c6 3. Nf3 Nf6 4. Nc3 e6 5. e3 Nbd7 6. Bd3 dxc4 7. Bxc4 b5 8. Bd3 a6 9. 0-0 c5 10. e4 Bb7 11. e5 Nd5 12. Ng5 Be7 13. Nce4 cxd4 14. Qh5 g6 15. Qh3 Nxe5 16. Bb1 Rc8 17. Nxe6 fxe6 18. Qxe6 Nf7 0-1

[Event "Fourmies op 35th"]
[Site "Fourmies"]
[Date "2011.06.11"]
[Round "2"]
[White "Istratescu, Andrei"]
[Black "Israel, Gregory"]
[Result "1-0"]
[WhiteElo "2623"]
[BlackElo "2103"]
[PlyCount "55"]
[EventDate "2011.06.11"]
[EventType "swiss"]
[EventRounds "7"]
[EventCountry "FRA"]
[SourceTitle "CBM 142 Extra"]
[Source "ChessBase"]
[SourceDate "2011.06.27"]
[SourceVersion "1"]
[SourceVersionDate "2011.06.27"]
[SourceQuality "1"]

1. e4 c5 2. Nf3 e6 3. d4 cxd4 4. Nxd4 a6 5. Bd3 Qc7 6. 0-0 Nf6 7. Qe2 Nc6 8. Nxc6 dxc6 9. e5 Nd7 10. Re1 b5 11. Bf4 Bb7 12. Nd2 Nc5 13. Ne4 Nxe4 14. Bxe4 Be7 15. Qg4 g5 16. Be3 h5 17. Qf3 g4 18. Qf4 Rg8 19. Rad1 h4 20. Rd3 Rg5 21. Bc5 g3 22. Bxe7 gxf2+ 23. Kxf2 Qxe7 24. Rd6 Rd8 25. Red1 Rxd6 26. exd6 Qd8 27. d7+ Kf8 28. Qxg5 1-0

[Event "BEL-chT 1011"]
[Site "Belgium"]
[Date "2011.03.27"]
[Round "11.6"]
[White "Israel, Gregory"]
[Black "Veltkamp, Gerben"]
[Result "1/2-1/2"]
[WhiteElo "2103"]
[BlackElo "2191"]
[PlyCount "46"]
[EventDate "2010.09.26"]
[EventType "team-tourn"]
[EventRounds "11"]
[EventCountry "BEL"]
[SourceTitle "EXT 2012"]
[Source "ChessBase"]
[SourceDate "2011.11.24"]
[SourceVersion "1"]
[SourceVersionDate "2011.11.24"]
[SourceQuality "1"]
[WhiteTeam "Charleroi CREC"]
[BlackTeam "Borgerhout"]
[WhiteTeamCountry "BEL"]
[BlackTeamCountry "BEL"]

1. d4 d5 2. c4 c6 3. Nf3 Nf6 4. Nc3 a6 5. b3 Bg4 6. e3 Nbd7 7. Be2 e6 8. 0-0 Bd6 9. h3 Bh5 10. Qc2 0-0 11. a4 Re8 12. Ba3 Qe7 13. Bxd6 Qxd6 14. Rfd1 Rad8 15. Rac1 Qb4 16. Na2 Qe7 17. Nc3 Bg6 18. Bd3 dxc4 19. Bxg6 hxg6 20. bxc4 e5 21. Rb1 exd4 22. exd4 Nf8 23. d5 cxd5 1/2-1/2

[Event "Fourmies op 34th"]
[Site "Fourmies"]
[Date "2010.05.23"]
[Round "3"]
[White "Israel, Gregory"]
[Black "Van Rekom, Robert"]
[Result "1-0"]
[WhiteElo "2112"]
[BlackElo "1871"]
[PlyCount "55"]
[EventDate "2010.05.22"]
[EventType "swiss"]
[EventRounds "7"]
[EventCountry "FRA"]
[SourceTitle "CBM 136 Extra"]
[Source "ChessBase"]
[SourceDate "2010.07.02"]
[SourceVersion "2"]
[SourceVersionDate "2010.07.15"]
[SourceQuality "1"]

1. d4 Nf6 2. Bg5 Ne4 3. Bh4 d5 4. f3 Nd6 5. Nc3 c6 6. e4 dxe4 7. fxe4 g6 8. Nf3 Bg7 9. Qd2 0-0 10. Be2 c5 11. dxc5 Bxc3 12. Qxc3 Nxe4 13. Qe3 Nf6 14. 0-0 Nc6 15. h3 Kg7 16. Rad1 Qc7 17. Bg5 Ng8 18. Bc4 f6 19. Bxg8 Kxg8 20. Bh6 Rf7 21. Rd2 e5 22. Rd6 Bf5 23. c3 Ne7 24. g4 Bd7 25. Nxe5 fxe5 26. Rxf7 Kxf7 27. Qxe5 Rg8 28. Rf6+ 1-0

[Event "EU-Cup 24th"]
[Site "Kallithea"]
[Date "2008.10.21"]
[Round "5"]
[White "Israel, Gregory"]
[Black "Lissang, Christopher"]
[Result "1-0"]
[WhiteElo "2159"]
[BlackElo "2215"]
[PlyCount "60"]
[EventDate "2008.10.17"]
[EventType "team-swiss"]
[EventRounds "7"]
[EventCountry "GRE"]
[SourceTitle "CBM 127"]
[Source "ChessBase"]
[SourceDate "2008.11.13"]
[SourceVersion "1"]
[SourceVersionDate "2008.11.13"]
[SourceQuality "1"]
[WhiteTeam "Charleroi CREC"]
[BlackTeam "Stockholm Rockaden"]
[WhiteTeamCountry "BEL"]
[BlackTeamCountry "SWE"]

1. d4 d5 2. Nf3 Nf6 3. Bf4 e6 4. e3 c5 5. c3 Nc6 6. Nbd2 Bd6 7. Bxd6 Qxd6 8. Bd3 0-0 9. 0-0 e5 10. dxe5 Nxe5 11. Nxe5 Qxe5 12. Re1 Be6 13. e4 Rfd8 14. Nf3 Qh5 15. e5 Nd7 16. Qd2 h6 17. Qf4 Qg4 18. Qe3 Qa4 19. b3 Qc6 20. Nh4 d4 21. cxd4 cxd4 22. Qg3 Nc5 23. Rac1 Qb6 24. Rcd1 Nxd3 25. Rxd3 Rac8 26. f4 Rc2 27. Kh1 Bd5 28. f5 Qc6 29. Nf3 Be4 30. f6 Bg6 1-0

[Event "EU-Cup 24th"]
[Site "Kallithea"]
[Date "2008.10.19"]
[Round "3"]
[White "Maier, Christian"]
[Black "Israel, Gregory"]
[Result "1-0"]
[WhiteElo "2328"]
[BlackElo "2159"]
[PlyCount "41"]
[EventDate "2008.10.17"]
[EventType "team-swiss"]
[EventRounds "7"]
[EventCountry "GRE"]
[SourceTitle "CBM 127"]
[Source "ChessBase"]
[SourceDate "2008.11.13"]
[SourceVersion "1"]
[SourceVersionDate "2008.11.13"]
[SourceQuality "1"]
[WhiteTeam "Reichenstein"]
[BlackTeam "Charleroi CREC"]
[WhiteTeamCountry "SUI"]
[BlackTeamCountry "BEL"]

1. e4 c5 2. Nf3 e6 3. b3 d6 4. Bb2 Nf6 5. Nc3 Be7 6. d4 cxd4 7. Nxd4 Qa5 8. Bd3 d5 9. 0-0 Bb4 10. Nde2 0-0 11. a3 Be7 12. b4 Qd8 13. exd5 Nxd5 14. Nxd5 Qxd5 15. Nf4 Qd8 16. Bxh7+ Kxh7 17. Qh5+ Kg8 18. Rad1 Qe8 19. Bxg7 Kxg7 20. Qg4+ Kh6 21. Rd3 1-0

[Event "EU-Cup 24th"]
[Site "Kallithea"]
[Date "2008.10.17"]
[Round "1"]
[White "Israel, Gregory"]
[Black "Zaja, Ivan"]
[Result "0-1"]
[WhiteElo "2159"]
[BlackElo "2461"]
[PlyCount "76"]
[EventDate "2008.10.17"]
[EventType "team-swiss"]
[EventRounds "7"]
[EventCountry "GRE"]
[SourceTitle "CBM 127"]
[Source "ChessBase"]
[SourceDate "2008.11.13"]
[SourceVersion "1"]
[SourceVersionDate "2008.11.13"]
[SourceQuality "1"]
[WhiteTeam "Charleroi CREC"]
[BlackTeam "Zagreb"]
[WhiteTeamCountry "BEL"]
[BlackTeamCountry "CRO"]

1. d4 Nf6 2. Bg5 Ne4 3. Bf4 d6 4. f3 Nf6 5. e4 Nc6 6. Bb5 a6 7. Bxc6+ bxc6 8. Ne2 Rb8 9. b3 e6 10. c4 Be7 11. Nbc3 Nd7 12. Qd2 c5 13. d5 0-0 14. 0-0 Bf6 15. Rad1 Re8 16. Kh1 Nf8 17. dxe6 Nxe6 18. Nd5 Bd4 19. Be3 Bxe3 20. Nxe3 Bb7 21. Nc3 Qg5 22. Ncd5 Bxd5 23. Nxd5 Qxd2 24. Rxd2 Rb7 25. Kg1 a5 26. Nc3 Nd4 27. Kf2 g6 28. Rfd1 Kg7 29. Rxd4 cxd4 30. Rxd4 h5 31. Rd5 Re5 32. Rd2 h4 33. f4 Rh5 34. Kf3 Rb8 35. Nb5 a4 36. bxa4 Rc5 37. Rd4 Re8 38. Kg4 Rxe4 0-1

[Event "BEL-chT 0809"]
[Site "Belgium"]
[Date "2008.10.05"]
[Round "1.7"]
[White "Huesmann, Thomas"]
[Black "Israel, Gregory"]
[Result "1-0"]
[WhiteElo "2255"]
[BlackElo "2159"]
[PlyCount "81"]
[EventDate "2008.10.05"]
[EventType "team-tourn"]
[EventRounds "11"]
[EventCountry "BEL"]
[SourceTitle "CBM 127 Extra"]
[Source "ChessBase"]
[SourceDate "2009.01.08"]
[SourceVersion "2"]
[SourceVersionDate "2009.01.28"]
[SourceQuality "1"]
[WhiteTeam "SK Rochade"]
[BlackTeam "Charleroi CREC"]
[WhiteTeamCountry "BEL"]
[BlackTeamCountry "BEL"]

1. e4 c5 2. c3 d5 3. exd5 Qxd5 4. d4 cxd4 5. cxd4 Nc6 6. Nf3 e6 7. Nc3 Bb4 8. Be2 Nf6 9. 0-0 Bxc3 10. bxc3 0-0 11. Bf4 b6 12. Ne5 Nxe5 13. Bxe5 Bb7 14. Bf3 Qd7 15. Bxf6 gxf6 16. Re1 Kh8 17. d5 Rg8 18. Qd4 e5 19. Qd3 Rad8 20. Rad1 Qh3 21. Re3 Rg7 22. Be4 Qg4 23. Rg3 Qf4 24. c4 Ba6 25. Rxg7 Kxg7 26. g3 Qg4 27. f3 Qc8 28. Rc1 Qc5+ 29. Kg2 b5 30. f4 bxc4 31. Qe2 f5 32. Qh5 h6 33. Qxf5 exf4 34. Qh7+ Kf8 35. Qxh6+ Ke7 36. Qxa6 c3 37. Re1 Rd6 38. Qb7+ Kf6 39. Qb8 c2 40. Qh8+ Ke7 41. Bxc2+ 1-0

[Event "BEL-chT 0506"]
[Site "Belgium"]
[Date "2006.03.12"]
[Round "10"]
[White "Van de Wynkele, Eric"]
[Black "Israel, Gregory"]
[Result "1-0"]
[WhiteElo "1972"]
[BlackElo "2120"]
[PlyCount "91"]
[EventDate "2005.10.09"]
[EventType "team-tourn"]
[EventRounds "11"]
[EventCountry "BEL"]
[SourceTitle "EXT 2007"]
[Source "ChessBase"]
[SourceDate "2006.11.23"]
[SourceVersion "1"]
[SourceVersionDate "2006.11.23"]
[SourceQuality "1"]
[WhiteTeam "Jean Jaures"]
[BlackTeam "Charleroi CREC"]
[WhiteTeamCountry "BEL"]
[BlackTeamCountry "BEL"]

1. e4 c5 2. Nc3 e6 3. f4 b6 4. Nf3 Bb7 5. a4 Nc6 6. Bc4 Nd4 7. d3 Nxf3+ 8. Qxf3 Nf6 9. Qe2 d6 10. 0-0 Be7 11. f5 e5 12. Bd2 a6 13. g4 Nd7 14. Nd5 Bxd5 15. Bxd5 Ra7 16. g5 h5 17. gxh6 Bf6 18. Qh5 Qe7 19. Rf3 gxh6 20. Rg3 Qf8 21. Kh1 Be7 22. Bc6 Kd8 23. Bxd7 Rxd7 24. c4 Qe8 25. Rag1 Bf6 26. Rh3 Re7 27. b3 b5 28. axb5 axb5 29. Ra1 Kc7 30. Qd1 Kb6 31. Ra5 b4 32. Qa1 Rb7 33. Ra6+ Kc7 34. Qa5+ Kd7 35. Rxh6 Rxh6 36. Qa4+ Ke7 37. Qxe8+ Kxe8 38. Bxh6 Be7 39. Ra8+ Kd7 40. Bg7 Bg5 41. Kg2 Rc7 42. Kf3 Kc6 43. Ra6+ Kd7 44. Kg4 Be7 45. f6 Bd8 46. Kf5 1-0

[Event "BEL-chT2 0405"]
[Site "Belgium"]
[Date "2005.01.16"]
[Round "7"]
[White "Israel, Gregory"]
[Black "Geenen, Marc"]
[Result "0-1"]
[WhiteElo "2149"]
[BlackElo "2356"]
[PlyCount "44"]
[EventDate "2004.10.10"]
[EventType "team-swiss"]
[EventRounds "11"]
[EventCountry "BEL"]
[SourceTitle "EXT 2006"]
[Source "ChessBase"]
[SourceDate "2005.11.24"]
[SourceVersion "1"]
[SourceVersionDate "2005.11.24"]
[SourceQuality "1"]
[WhiteTeam "Charleroi CREC II"]
[BlackTeam "Boitsfort"]
[WhiteTeamCountry "BEL"]
[BlackTeamCountry "BEL"]

1. d4 d5 2. Bf4 Nf6 3. e3 c5 4. c3 Nc6 5. Bd3 Qb6 6. Qb3 c4 7. Qxb6 axb6 8. Bc2 b5 9. Na3 b4 10. cxb4 c3 11. Nb5 Nxb4 12. Bb3 cxb2 13. Rb1 Ra5 14. Kd1 Nd3 15. Bg3 Rxb5 16. Ba4 Bd7 17. Bxb5 Bxb5 18. f3 e6 19. Nh3 Ba3 20. Kc2 Ke7 21. Kb3 Rc8 22. Nf4 Bc4+ 0-1